000 01074cam a22002778a 4500
008
020 _a9780470277119 (hbk.)
049 _aMAIN
090 _aTK6564.3
_bMUL
245 0 0 _aMulti-mode/multi-band RF transceivers for wireless communications :
_badvanced techniques, architectures, and trends /
_cedited by Gernot Hueber and Robert Bogdan Staszewski.
260 _aNewJersey :
_bWiley,
_cc2010.
300 _axiii, 594 p. ::
_bill. ;
_c24 cm.
500 _aIncludes index.
504 _aIncludes bibliographical references.
650 0 _aRadio
_xTransmitter-receivers.
650 0 _aWireless communication systems
_xEquipment and supplies
_xDesign and construction.
650 0 _aCellular telephones
_xDesign and construction.
650 0 _aWireless LANs
_xEquipment and supplies
_xDesign and construction.
700 1 _aHueber, Gernot.
700 1 _aStaszewski, Robert Bogdan.
907 _a.b10326431
_b05-10-17
_c31-01-13
003
005 20230123121958.0
040 _cNUST
942 _cBOOKS
_kTK6564.3
_mMUL
999 _c125715
_d125715